000 00560nam a22001697a 4500
003 OSt
005 20240930153204.0
008 240930b |||||||| |||| 00| 0 eng d
040 _c0
082 _aDPer 050 R22 2000 June -December 2023 v123 no. 7124-728
100 _a Kochanek, Doris.
_eauthor.
_961826
245 _aQuiz :
_bthe amazing human body /
_cDoris Kochanek.
260 _aTaipei ;
_bReader's Digest Asia,
_cSeptember 2023.
300 _aVolume 123, pages 83-85 ,
_billustration.
700 _a Kochanek, Doris.
_eauthor.
_961759
942 _2ddc
_cPER
999 _c22006
_d22006